10 questions sur l'Allemagne - Statistiques

Statistiques générales
  • Ce quiz a été pris 48 fois
  • Le résultat moyen est 7 sur 10
Statistiques - réponses
Question Réponse % Correct
Quelle est la capitale? Berlin
98%
Sur quel continent? Europe
98%
Quelle est la carte?
88%
Qu'a créé Martin Luther en affichant ses 95 thèses contre les indulgences papales sur la porte du château de Wittenberg? Le protestantisme
79%
Sous quel dirigeant l'Allemagne de l'Est est libérée? Mikhaïl Gorbatchev
65%
Quel pays n'a pas occupé l'Allemagne après la seconde guerre mondiale?
60%
Martin Luther a été le premier à traduire la bible en allemand Vrai
58%
Sous quel chancelier "das DFJW (Deutsch-Französiche Jugendwerke)" est créé avec le Général Charles de Gaulle? Konrad Adenauer
54%
Si vrai, en quelle année? En 1517
38%
A quelle période l'Allemagne avait le plus grand territoire?
33%
Aucun quiz correspondant
Distribution des résultats
% des personnes avec chaque résultat
Percentile par nombre de réponses
Votre historique - résultats
Vous n’avez pas pris ce quiz